[Event "Paris ch 2005"]
[Site "Paris FRA"]
[Date "2005.07.11"]
[Round "3.44"]
[White "Callet, Emmanuel"]
[Black "Broca, Alexandre"]
[Result "0-1"]
[WhiteElo "2223"]
[BlackElo "2166"]
[PlyCount "73"]
[EventDate "2005.07.09"]
[EventType "swiss"]
[EventRounds "9"]
[EventCountry "FRA"]
[Source "lmi"]
[SourceDate "2005.07.17"]

1. e4 c5 2. Nf3 e6 3. d4 cxd4 4. Nxd4 a6 5. Nc3 Qc7 6. g3 b6 7. Bg2 Bb7 8. O-O
d6 9. Re1 Nd7 10. Bg5 Ngf6 11. Qe2 Be7 12. Rad1 O-O 13. h3 Rfe8 14. Kh2 h6 15.
Bc1 Bf8 16. f4 e5 17. Nf5 b5 18. Qf1 b4 19. fxe5 Rxe5 20. Nd5 Nxd5 21. exd5
Rae8 22. Nd4 Nb6 23. Rxe5 dxe5 24. Nf5 Qxc2 25. Rd2 Qc5 26. Be4 Rc8 27. Nxh6+
gxh6 28. Qf5 Bg7 29. Rf2 Bxd5 30. Bxh6 Bxh6 31. Qh7+ Kf8 32. Qxh6+ Ke8 33. Qh8+
Kd7 34. Bf5+ Be6 35. Bxe6+ fxe6 36. Qh7+ Kd6 37. Qd3+ 0-1

[Event "Paris ch 2005"]
[Site "Paris FRA"]
[Date "2005.07.12"]
[Round "4.4"]
[White "Sadvakasov, Darmen"]
[Black "Bagheri, Amir"]
[Result "1-0"]
[WhiteElo "2610"]
[BlackElo "2537"]
[PlyCount "62"]
[EventDate "2005.07.09"]
[EventType "swiss"]
[EventRounds "9"]
[EventCountry "FRA"]
[Source "lmi"]
[SourceDate "2005.07.17"]

1. e4 c6 2. d4 d5 3. Nd2 dxe4 4. Nxe4 Nd7 5. Ng5 Ngf6 6. Bd3 e6 7. N1f3 Bd6 8.
Qe2 h6 9. Ne4 Nxe4 10. Qxe4 Qc7 11. O-O b6 12. Qg4 Kf8 13. Re1 c5 14. c3 Bb7
15. Qh3 c4 16. Be4 Bxe4 17. Rxe4 Nf6 18. Re2 Kg8 19. Ne5 Rd8 20. Bd2 Nd5 21.
Rae1 b5 22. Qf3 g6 23. h4 Kg7 24. h5 g5 25. Qg4 Rhe8 26. f4 f6 27. fxg5 fxe5
28. Rf2 Rf8 29. Rxf8 Rxf8 30. Qxe6 Qf7 31. Qxh6+ Kg8 1-0

[Event "Paris ch 2005"]
[Site "Paris FRA"]
[Date "2005.07.12"]
[Round "4.8"]
[White "Abergel, Thal"]
[Black "Reinaldo Castineira, Roi"]
[Result "1/2-1/2"]
[WhiteElo "2446"]
[BlackElo "2447"]
[PlyCount "40"]
[EventDate "2005.07.09"]
[EventType "swiss"]
[EventRounds "9"]
[EventCountry "FRA"]
[Source "lmi"]
[SourceDate "2005.07.17"]

1. d4 Nf6 2. Nf3 c5 3. d5 b5 4. Bg5 Qb6 5. c3 Ne4 6. Nbd2 Nxg5 7. Nxg5 e6 8. e4
Be7 9. Qh5 Bxg5 10. Qxg5 O-O 11. Bd3 c4 12. Bc2 Bb7 13. O-O Na6 14. Rae1 Nc7
15. Re3 exd5 16. Rg3 Ne6 17. Qh5 dxe4 18. Nxe4 f5 19. Ng5 Nxg5 20. Rxg5 g6
1/2-1/2

[Event "Paris ch 2005"]
[Site "Paris FRA"]
[Date "2005.07.12"]
[Round "4.12"]
[White "Pira, Davoud"]
[Black "Gozzoli, Yannick"]
[Result "0-1"]
[WhiteElo "2385"]
[BlackElo "2444"]
[PlyCount "100"]
[EventDate "2005.07.09"]
[EventType "swiss"]
[EventRounds "9"]
[EventCountry "FRA"]
[Source "lmi"]
[SourceDate "2005.07.17"]

1. Nf3 Nf6 2. b3 g6 3. Bb2 Bg7 4. g3 O-O 5. Bg2 d6 6. O-O e5 7. d3 Nh5 8. e4
Nc6 9. d4 Bg4 10. d5 Nd4 11. Bxd4 exd4 12. h3 Bxf3 13. Bxf3 Nf6 14. c3 Re8 15.
Re1 Nd7 16. cxd4 Qf6 17. Nc3 Qxd4 18. Rc1 a6 19. Qc2 Bh6 20. Rcd1 Qc5 21. Re2
b5 22. Kh2 Re7 23. Bg2 Bg7 24. Nb1 Rae8 25. Qxc5 Nxc5 26. b4 Na4 27. Rc2 f5 28.
f3 fxe4 29. fxe4 Nb2 30. Rdd2 Nc4 31. Rd3 Rf8 32. Na3 Nb2 33. Rdd2 Na4 34. Nb1
Ref7 35. h4 Be5 36. Re2 h5 37. Bh3 Rf3 38. Rg2 Nc3 39. Nxc3 Bxc3 40. Be6+ Kg7
41. Rge2 Kh6 42. g4 Be5+ 43. Kg1 hxg4 44. Bxg4 R3f4 45. Be6 Rxh4 46. Rxc7 Rf3
47. Rd2 Bf4 48. Re2 Rg3+ 49. Kf1 Rh1+ 50. Kf2 Rh2+ 0-1

[Event "Paris ch 2005"]
[Site "Paris FRA"]
[Date "2005.07.12"]
[Round "4.13"]
[White "Perez, Rodney"]
[Black "Draoui, Najib"]
[Result "1-0"]
[WhiteElo "2442"]
[BlackElo "2374"]
[PlyCount "93"]
[EventDate "2005.07.09"]
[EventType "swiss"]
[EventRounds "9"]
[EventCountry "FRA"]
[Source "lmi"]
[SourceDate "2005.07.17"]

1. e4 c5 2. Nf3 d6 3. d4 cxd4 4. Nxd4 Nf6 5. Nc3 a6 6. Be3 e5 7. Nb3 Be6 8. f3
Nbd7 9. g4 Rc8 10. Qd2 h6 11. O-O-O Qc7 12. Qf2 b5 13. h4 Qb7 14. Bh3 b4 15.
Ne2 a5 16. g5 Nh5 17. Bxe6 fxe6 18. Kb1 a4 19. Nd2 d5 20. exd5 exd5 21. gxh6
gxh6 22. Qg2 Qc6 23. Rc1 Qe6 24. f4 e4 25. Nd4 Qf7 26. Nxe4 dxe4 27. Qxe4+ Be7
28. Nf5 Kf8 29. Bd4 Nhf6 30. Qb7 Rd8 31. Rhe1 Bc5 32. Bxc5+ Nxc5 33. Qxb4 Nfd7
34. Re5 Rb8 35. Qc3 a3 36. Rxc5 Rxb2+ 37. Qxb2 axb2 38. Rc8+ Qe8 39. Rxe8+ Kxe8
40. Re1+ Kf7 41. Kxb2 Kf6 42. Nd4 Rb8+ 43. Kc1 Nc5 44. Re5 Rc8 45. Rf5+ Ke7 46.
Re5+ Kf6 47. Kd2 1-0

[Event "Paris ch 2005"]
[Site "Paris FRA"]
[Date "2005.07.12"]
[Round "4.14"]
[White "Nguyen, Chi-Minh"]
[Black "Sriram, Jha"]
[Result "1/2-1/2"]
[WhiteElo "2371"]
[BlackElo "2437"]
[PlyCount "39"]
[EventDate "2005.07.09"]
[EventType "swiss"]
[EventRounds "9"]
[EventCountry "FRA"]
[Source "lmi"]
[SourceDate "2005.07.17"]

1. d4 d5 2. c4 c6 3. Nc3 Nf6 4. Nf3 e6 5. Bg5 h6 6. Bxf6 Qxf6 7. Qc2 Nd7 8. e4
dxe4 9. Qxe4 Bb4 10. Bd3 Qe7 11. O-O Nf6 12. Qe1 c5 13. a3 Bxc3 14. Qxc3 cxd4
15. Nxd4 O-O 16. Rfe1 Rd8 17. Rad1 e5 18. Nf5 Bxf5 19. Bxf5 Rxd1 20. Rxd1
1/2-1/2

[Event "Paris ch 2005"]
[Site "Paris FRA"]
[Date "2005.07.12"]
[Round "4.15"]
[White "Meinhardt, Maximilian"]
[Black "Sher, Miron N"]
[Result "1-0"]
[WhiteElo "2324"]
[BlackElo "2420"]
[PlyCount "79"]
[EventDate "2005.07.09"]
[EventType "swiss"]
[EventRounds "9"]
[EventCountry "FRA"]
[Source "lmi"]
[SourceDate "2005.07.17"]

1. e4 c5 2. Nc3 Nc6 3. g3 g6 4. Bg2 Bg7 5. d3 d6 6. f4 e6 7. Nf3 Nge7 8. O-O
O-O 9. Be3 b6 10. d4 Ba6 11. Re1 Rc8 12. Bf2 Na5 13. a4 Qc7 14. Nb5 Bxb5 15.
axb5 cxd4 16. Bxd4 e5 17. Bc3 Qc5+ 18. Kh1 Rfd8 19. Qe2 exf4 20. Bxg7 Kxg7 21.
c3 Qe3 22. Qf1 Qc5 23. b4 Qxc3 24. bxa5 fxg3 25. axb6 axb6 26. Ra7 Rc7 27. Rxc7
Qxc7 28. Rc1 Qd7 29. Bh3 Qb7 30. Qc4 Re8 31. Ng5 Ng8 32. Qc3+ Kh6 33. Qxg3 Nf6
34. Rf1 Kg7 35. Qxd6 Qe7 36. Qxb6 h6 37. Nf3 Nxe4 38. Qd4+ Kh7 39. b6 f5 40.
Rc1 1-0

[Event "Paris ch 2005"]
[Site "Paris FRA"]
[Date "2005.07.12"]
[Round "4.16"]
[White "Vijayalakshmi, Subbaraman"]
[Black "Ak Hirawan, Mohd Omar"]
[Result "1/2-1/2"]
[WhiteElo "2414"]
[BlackElo "2364"]
[PlyCount "127"]
[EventDate "2005.07.09"]
[EventType "swiss"]
[EventRounds "9"]
[EventCountry "FRA"]
[Source "lmi"]
[SourceDate "2005.07.17"]

1. Nf3 Nf6 2. g3 g6 3. Bg2 Bg7 4. O-O O-O 5. d4 d5 6. Be3 Ne4 7. Qc1 c5 8. dxc5
Na6 9. Rd1 Nexc5 10. Nbd2 e5 11. Nb3 Ne6 12. Ng5 Nac7 13. Nxe6 Bxe6 14. Nc5 Bc8
15. c4 d4 16. Nxb7 Qe7 17. Bd2 e4 18. Na5 Bg4 19. f3 Bf5 20. a3 Na6 21. b4 e3
22. Be1 d3 23. Bc3 d2 24. Qb2 Bxc3 25. Qxc3 Rac8 26. Nb3 Rfd8 27. c5 Nc7 28.
Nxd2 Nb5 29. Qb2 exd2 30. e4 Be6 31. Rxd2 Rxd2 32. Qxd2 Qf6 33. Re1 Nxa3 34. e5
Qd8 35. Qd6 Nc4 36. Qxd8+ Rxd8 37. f4 Rb8 38. Rb1 a5 39. b5 Na3 40. Ra1 Nxb5
41. Rxa5 Nd4 42. Ra8 Rxa8 43. Bxa8 Kf8 44. Kf2 Ke7 45. Be4 Kd7 46. Ke3 Nf5+ 47.
Kf3 h5 48. h3 Nh6 49. Kg2 Kc7 50. Bf3 Bd7 51. Be4 Be6 52. Bf3 Kb8 53. Kh2 Ka7
54. g4 hxg4 55. hxg4 Bxg4 56. Bxg4 Nxg4+ 57. Kg3 Ne3 58. Kh4 Kb7 59. Kg5 Nd5
60. f5 gxf5 61. Kxf5 Kc7 62. e6 f6 63. e7 Kd7 64. e8=Q+ 1/2-1/2

[Event "Paris ch 2005"]
[Site "Paris FRA"]
[Date "2005.07.12"]
[Round "4.17"]
[White "Chabanon, Jean-Luc"]
[Black "Spielmann, Alain"]
[Result "1-0"]
[WhiteElo "2426"]
[BlackElo "2283"]
[PlyCount "65"]
[EventDate "2005.07.09"]
[EventType "swiss"]
[EventRounds "9"]
[EventCountry "FRA"]
[Source "lmi"]
[SourceDate "2005.07.17"]

1. d4 Nf6 2. c4 g6 3. Nc3 d5 4. cxd5 Nxd5 5. Bd2 Bg7 6. e4 Nb6 7. Be3 O-O 8. h3
Nc6 9. Nf3 f5 10. exf5 Bxf5 11. Qb3+ Kh8 12. d5 Ne5 13. Nxe5 Bxe5 14. Rd1 a5
15. g4 Bd7 16. Bg2 a4 17. Qb4 Nc8 18. h4 a3 19. b3 Ra6 20. Ne2 Nd6 21. h5 g5
22. f4 gxf4 23. Bd4 Bxd4 24. Qxd4+ Kg8 25. h6 Rf7 26. Nxf4 Bxg4 27. Bh3 c5 28.
Qe5 Qa5+ 29. Rd2 Ne4 30. Qxe4 Raf6 31. Rg1 Qc3 32. Rxg4+ Kh8 33. Rg7 1-0

[Event "Paris ch 2005"]
[Site "Paris FRA"]
[Date "2005.07.12"]
[Round "4.18"]
[White "Paredes Galan, Angel"]
[Black "Marcelin, Cyril"]
[Result "1-0"]
[WhiteElo "2334"]
[BlackElo "2481"]
[PlyCount "95"]
[EventDate "2005.07.09"]
[EventType "swiss"]
[EventRounds "9"]
[EventCountry "FRA"]
[Source "lmi"]
[SourceDate "2005.07.17"]

1. c4 e5 2. Nc3 d6 3. e3 f5 4. d4 Be7 5. Nf3 Nd7 6. Be2 Ngf6 7. O-O O-O 8. Qc2
Ng4 9. b4 e4 10. Ne1 Ndf6 11. f3 exf3 12. Bxf3 c6 13. Nd3 Nh5 14. d5 Bd7 15.
Bd2 Bg5 16. Rae1 Bh4 17. g3 Bxg3 18. hxg3 Nxg3 19. Bc1 Nxf1 20. Rxf1 Qh4 21.
Qg2 Rae8 22. Nd1 Rf6 23. Nf4 Rh6 24. Bb2 Qh2+ 25. Qxh2 Nxh2 26. Rf2 Nxf3+ 27.
Rxf3 Re4 28. Rg3 g6 29. Bd4 c5 30. bxc5 dxc5 31. Nf2 cxd4 32. Nxe4 fxe4 33.
exd4 Rh4 34. Ne6 Bxe6 35. dxe6 Kf8 36. d5 Ke7 37. Rb3 b6 38. Ra3 a5 39. Rb3 e3
40. Rxb6 Rxc4 41. Rb7+ Kf6 42. Kf1 Ke5 43. e7 Rc8 44. Rd7 Re8 45. d6 Ke6 46.
Rd8 Kf7 47. Ke2 g5 48. Kxe3 1-0

[Event "Paris ch 2005"]
[Site "Paris FRA"]
[Date "2005.07.12"]
[Round "4.19"]
[White "Goldsztejn, Gildas"]
[Black "Shirazi, Kamran"]
[Result "1-0"]
[WhiteElo "2330"]
[BlackElo "2410"]
[PlyCount "121"]
[EventDate "2005.07.09"]
[EventType "swiss"]
[EventRounds "9"]
[EventCountry "FRA"]
[Source "lmi"]
[SourceDate "2005.07.17"]

1. Nf3 Nf6 2. c4 d6 3. d4 Nbd7 4. Nc3 e5 5. e4 Be7 6. Be2 O-O 7. O-O c6 8. d5
a6 9. Qc2 cxd5 10. exd5 Ne8 11. Bd3 g6 12. Bh6 Ng7 13. h4 Nf6 14. c5 Ng4 15.
cxd6 Bxd6 16. Bg5 f6 17. Bd2 f5 18. Be2 h6 19. g3 Kh7 20. h5 Nxh5 21. Nh4 Ngf6
22. Qc1 g5 23. Nf3 Bd7 24. Kg2 g4 25. Nh4 Rc8 26. Bxh6 Nxd5 27. Bxg4 Nxc3 28.
Bxh5 Rf6 29. Bg5 Ne4 30. Bxf6 Qxf6 31. Qd1 Bc6 32. Bf3 Nxf2 33. Kxf2 e4 34. Rc1
exf3 35. Nxf3 Qxb2+ 36. Rc2 Qb6+ 37. Qd4 Bc7 38. Rh1+ Kg6 39. Ne5+ Kg5 40. Nxc6
Rd8 41. Qxb6 Bxb6+ 42. Ke2 Re8+ 43. Kd1 bxc6 44. Rxc6 Bf2 45. Rc3 Rb8 46. Kc2
Rb5 47. Rh8 Rb6 48. Rg8+ Kf6 49. Rf8+ Kg6 50. Rf3 Bd4 51. R8xf5 Rb2+ 52. Kd3
Bg7 53. Ra5 Rb6 54. Kc4 Re6 55. Rfa3 Re4+ 56. Kd3 Re1 57. Rxa6+ Kf5 58. Rb3 Be5
59. Rb5 Rg1 60. Raa5 Rxg3+ 61. Ke2 1-0

[Event "Paris ch 2005"]
[Site "Paris FRA"]
[Date "2005.07.12"]
[Round "4.20"]
[White "Pelikian, Jefferson"]
[Black "Mingachev, Mansur"]
[Result "1/2-1/2"]
[WhiteElo "2405"]
[BlackElo "2337"]
[PlyCount "71"]
[EventDate "2005.07.09"]
[EventType "swiss"]
[EventRounds "9"]
[EventCountry "FRA"]
[Source "lmi"]
[SourceDate "2005.07.17"]

1. e4 e5 2. Nf3 Nf6 3. Nxe5 d6 4. Nf3 Nxe4 5. Qe2 Qe7 6. d3 Nf6 7. Bg5 Qxe2+ 8.
Bxe2 Be7 9. Nc3 c6 10. O-O-O Na6 11. Rhe1 Nc7 12. Ne4 Nxe4 13. dxe4 Bxg5+ 14.
Nxg5 Ke7 15. Bc4 Be6 16. Bxe6 Nxe6 17. Nxe6 fxe6 18. Rd3 Rhf8 19. Re2 e5 20.
Rh3 h6 21. Rb3 Rab8 22. Ra3 Ra8 23. Rg3 g5 24. Rb3 Rab8 25. Rh3 Rf6 26. Ra3 a6
27. Rb3 Ke6 28. Kd2 Rf7 29. Ke3 h5 30. h3 b5 31. Rd3 a5 32. Red2 Rd8 33. Rc3
Rc8 34. Rd1 Rcc7 35. Ra3 Ra7 36. Rc3 1/2-1/2

[Event "Paris ch 2005"]
[Site "Paris FRA"]
[Date "2005.07.12"]
[Round "4.21"]
[White "Zaragatski, Ilja"]
[Black "Schlawin, Marlon"]
[Result "1-0"]
[WhiteElo "2389"]
[BlackElo "2302"]
[PlyCount "89"]
[EventDate "2005.07.09"]
[EventType "swiss"]
[EventRounds "9"]
[EventCountry "FRA"]
[Source "lmi"]
[SourceDate "2005.07.17"]

1. e4 e6 2. d4 d5 3. Nd2 c5 4. exd5 exd5 5. Ngf3 Nf6 6. Be2 Bd6 7. O-O O-O 8.
dxc5 Bxc5 9. Nb3 Bb6 10. c3 Re8 11. Nfd4 Nc6 12. Be3 Bc7 13. Bg5 Qd6 14. g3 a6
15. Bf4 Qd8 16. Bxc7 Qxc7 17. Bf3 Bh3 18. Re1 Rxe1+ 19. Qxe1 Re8 20. Qd2 Ne5
21. Re1 Nxf3+ 22. Nxf3 Rxe1+ 23. Qxe1 h6 24. Nfd4 a5 25. Nc1 Ne4 26. f3 Nf6 27.
Nd3 Qc4 28. Nf4 Bd7 29. a3 Qa2 30. Nd3 b6 31. Qe2 Bc8 32. Ne5 Bh3 33. Kf2 Qb1
34. Nd3 Qh1 35. Ke3 Bc8 36. Ne1 Ba6 37. Qf2 Nd7 38. Nf5 Ne5 39. g4 d4+ 40. cxd4
Nc4+ 41. Ke4 Bb7+ 42. d5 Qf1 43. Qxf1 Nd2+ 44. Kd4 Nxf1 45. d6 1-0

[Event "Paris ch 2005"]
[Site "Paris FRA"]
[Date "2005.07.12"]
[Round "4.22"]
[White "Guadalpi, David"]
[Black "Spiridonov, Nikola"]
[Result "1/2-1/2"]
[WhiteElo "2300"]
[BlackElo "2381"]
[PlyCount "38"]
[EventDate "2005.07.09"]
[EventType "swiss"]
[EventRounds "9"]
[EventCountry "FRA"]
[Source "lmi"]
[SourceDate "2005.07.17"]

1. e4 c6 2. d4 d5 3. Nc3 dxe4 4. Nxe4 Nd7 5. Ng5 Ngf6 6. Bd3 e6 7. N1f3 Bd6 8.
Qe2 h6 9. Ne4 Nxe4 10. Qxe4 Nf6 11. Qe2 b6 12. Bd2 Qc7 13. O-O-O Bb7 14. Ne5
O-O-O 15. f4 c5 16. dxc5 Bxc5 17. Kb1 h5 18. Rhe1 Ng4 19. Nxg4 hxg4 1/2-1/2

[Event "Paris ch 2005"]
[Site "Paris FRA"]
[Date "2005.07.12"]
[Round "4.23"]
[White "Garcia Castro, Pablo"]
[Black "Templier, Nicolas"]
[Result "1-0"]
[WhiteElo "2377"]
[BlackElo "2290"]
[PlyCount "66"]
[EventDate "2005.07.09"]
[EventType "swiss"]
[EventRounds "9"]
[EventCountry "FRA"]
[Source "lmi"]
[SourceDate "2005.07.17"]

1. e4 c5 2. Nf3 d6 3. g3 Nc6 4. Bg2 Nf6 5. d3 e5 6. O-O Be7 7. Re1 O-O 8. c3
Re8 9. a3 Bf8 10. b4 a6 11. Nbd2 h6 12. Rb1 d5 13. exd5 Nxd5 14. Bb2 Nb6 15.
Qe2 Bf5 16. Ne4 Na4 17. Ba1 b5 18. Nh4 Bd7 19. Qf3 Qc8 20. Qd1 Ra7 21. bxc5
Nxc5 22. Nxc5 Bxc5 23. a4 bxa4 24. Qxa4 Rc7 25. Qd1 Bg4 26. Qd2 Qd7 27. d4 exd4
28. Rxe8+ Qxe8 29. cxd4 Bb4 30. Bxc6 Qxc6 31. Qxb4 Bh3 32. d5 Qxd5 33. Qb8+ Rc8
1-0

[Event "Paris ch 2005"]
[Site "Paris FRA"]
[Date "2005.07.12"]
[Round "4.24"]
[White "Blazkova, Petra"]
[Black "Bakhmatov, Eduard"]
[Result "1-0"]
[WhiteElo "2276"]
[BlackElo "2373"]
[PlyCount "77"]
[EventDate "2005.07.09"]
[EventType "swiss"]
[EventRounds "9"]
[EventCountry "FRA"]
[Source "lmi"]
[SourceDate "2005.07.17"]

1. e4 g6 2. d4 Bg7 3. Nc3 d6 4. Be3 a6 5. Qd2 b5 6. a4 b4 7. Nce2 a5 8. Ng3 Nd7
9. Nf3 Bb7 10. c3 bxc3 11. bxc3 Ngf6 12. Bh6 Bxh6 13. Qxh6 e6 14. Bd3 Ng4 15.
Qf4 h5 16. h3 Qf6 17. Qd2 h4 18. Nf1 Nh6 19. Ne3 Qf4 20. Nc4 Qxd2+ 21. Kxd2 Ng8
22. Rhb1 Bc6 23. Ke3 Ngf6 24. Ncd2 Ra7 25. Bb5 Ba8 26. Rb2 Ke7 27. Rab1 Nb6 28.
c4 Nfd7 29. Bxd7 Kxd7 30. c5 Nxa4 31. Rc2 dxc5 32. dxc5 Rh5 33. Nb3 Ke7 34. Ra1
Rb7 35. Nxa5 Rb4 36. Nd4 Kd7 37. Rc4 Rxc4 38. Nxc4 e5 39. Nf3 1-0

[Event "Paris ch 2005"]
[Site "Paris FRA"]
[Date "2005.07.12"]
[Round "4.25"]
[White "Onkoud, Abdelaziz"]
[Black "Paci, Cedric"]
[Result "1-0"]
[WhiteElo "2361"]
[BlackElo "2238"]
[PlyCount "75"]
[EventDate "2005.07.09"]
[EventType "swiss"]
[EventRounds "9"]
[EventCountry "FRA"]
[Source "lmi"]
[SourceDate "2005.07.17"]

1. e4 g6 2. d4 d6 3. Nc3 Nf6 4. Bf4 c6 5. Qd2 b5 6. Bd3 Bg7 7. Nf3 Bg4 8. Bh6
O-O 9. h4 Nbd7 10. h5 Bxf3 11. gxf3 e5 12. d5 b4 13. Ne2 cxd5 14. Bxg7 Kxg7 15.
hxg6 fxg6 16. Qh6+ Kf7 17. exd5 Qa5 18. Qg5 Rg8 19. Qd2 Nc5 20. Be4 Qa4 21. Rh4
Rac8 22. c3 Qa6 23. Bc2 b3 24. Bb1 Qb7 25. Rb4 Qxd5 26. axb3 Rc7 27. Be4 Qxd2+
28. Kxd2 d5 29. Bc2 h5 30. Rb5 h4 31. Rh1 Rh8 32. Ng1 Ne6 33. Nh3 Rd7 34. b4 d4
35. Bb3 dxc3+ 36. Kc2 Ke7 37. Rxe5 Rd6 38. Rhe1 1-0

[Event "Paris ch 2005"]
[Site "Paris FRA"]
[Date "2005.07.12"]
[Round "4.26"]
[White "Salaun, Yann"]
[Black "Struk, Jerzy"]
[Result "1/2-1/2"]
[WhiteElo "2345"]
[BlackElo "2232"]
[PlyCount "129"]
[EventDate "2005.07.09"]
[EventType "swiss"]
[EventRounds "9"]
[EventCountry "FRA"]
[Source "lmi"]
[SourceDate "2005.07.17"]

1. d4 Nf6 2. c4 e6 3. Nc3 Bb4 4. e3 O-O 5. Bd3 d5 6. Nge2 b6 7. cxd5 exd5 8.
O-O Re8 9. f3 c5 10. a3 Bxc3 11. bxc3 Ba6 12. Bxa6 Nxa6 13. Ng3 Nc7 14. Qd3 Ne6
15. Bb2 Qd7 16. Rad1 Rad8 17. Qb1 Qa4 18. Kh1 Qb3 19. e4 dxe4 20. fxe4 Ng4 21.
Nf5 g6 22. Rd3 gxf5 23. Rg3 h5 24. Rxf5 Ng7 25. Rf1 Qe6 26. e5 c4 27. Bc1 h4
28. Rgf3 Rd7 29. h3 Nxe5 30. dxe5 Qxe5 31. Qb4 Qe2 32. Qa4 b5 33. Qxb5 Rd1 34.
Rg1 Rxg1+ 35. Kxg1 Qd1+ 36. Rf1 Re1 37. Qb8+ Kh7 38. Qf4 Rxf1+ 39. Qxf1 Qd5 40.
Be3 a6 41. Qf6 Nf5 42. Bf4 Qe6 43. Qxe6 fxe6 44. Kf2 Kg6 45. Kf3 Ne7 46. Ke4
Nc6 47. Bd6 Kg5 48. Bc7 Kg6 49. Kf4 Ne7 50. Kg4 Nd5 51. Be5 Ne3+ 52. Kxh4 Kf5
53. Bd4 Nxg2+ 54. Kg3 Nf4 55. Be3 Ne2+ 56. Kf3 Nxc3 57. h4 Nd5 58. Bc1 e5 59.
h5 e4+ 60. Kg3 Nc3 61. h6 Kg6 62. Kf4 Ne2+ 63. Kxe4 Nxc1 64. Kd4 Kxh6 65. Kxc4
1/2-1/2

[Event "Paris ch 2005"]
[Site "Paris FRA"]
[Date "2005.07.12"]
[Round "4.28"]
[White "Houhou, Olivier"]
[Black "Govciyan, Pavel"]
[Result "0-1"]
[WhiteElo "2253"]
[BlackElo "2328"]
[PlyCount "90"]
[EventDate "2005.07.09"]
[EventType "swiss"]
[EventRounds "9"]
[EventCountry "FRA"]
[Source "lmi"]
[SourceDate "2005.07.17"]

1. e4 g6 2. d4 Bg7 3. Nc3 c6 4. Nf3 d6 5. Be3 Nf6 6. Qd2 Qa5 7. h3 Nbd7 8. Bd3
O-O 9. O-O e5 10. dxe5 dxe5 11. Rab1 Qc7 12. a4 b6 13. Ne2 Bb7 14. c4 Nc5 15.
Bxc5 bxc5 16. Qe3 Qe7 17. a5 Ba6 18. Nc3 Rfb8 19. Na4 Bf8 20. b3 Ne8 21. Qd2 f6
22. h4 Bc8 23. Be2 Nc7 24. Ne1 f5 25. h5 fxe4 26. hxg6 Bf5 27. Nc2 Bxg6 28. Ne3
Ne6 29. Nc3 Nd4 30. Bd1 Rd8 31. Qb2 Rab8 32. Re1 Qg5 33. Bc2 Nf3+ 34. Kf1 Qh4
35. Red1 Rd2 36. Rxd2 Nxd2+ 37. Kg1 Bh6 38. Rd1 Rf8 39. Rxd2 Bxe3 40. Bb1 Bd4
41. Re2 Rf3 42. gxf3 exf3 43. Qc1 Qg3+ 44. Kf1 fxe2+ 45. Kxe2 Qxf2+ 0-1

[Event "Paris ch 2005"]
[Site "Paris FRA"]
[Date "2005.07.12"]
[Round "4.29"]
[White "Greiff, Hakan"]
[Black "Amigues, Emmanuel"]
[Result "0-1"]
[WhiteElo "2244"]
[BlackElo "2317"]
[PlyCount "132"]
[EventDate "2005.07.09"]
[EventType "swiss"]
[EventRounds "9"]
[EventCountry "FRA"]
[Source "lmi"]
[SourceDate "2005.07.17"]

1. e4 Nf6 2. Nc3 d5 3. exd5 Nxd5 4. Bc4 c6 5. Qf3 e6 6. Nge2 Nd7 7. d4 N7f6 8.
Bg5 Nxc3 9. bxc3 Be7 10. O-O Qa5 11. Bf4 Qh5 12. Qxh5 Nxh5 13. Be5 Bd7 14. Rab1
b5 15. Bd3 O-O 16. h3 Rfc8 17. c4 Nf6 18. c3 a6 19. c5 Be8 20. Bg3 Nd7 21. Rfe1
Ra7 22. f4 Rd8 23. Be4 Nf6 24. Bc2 Nd5 25. f5 Ne3 26. Rbc1 exf5 27. Nf4 Nxc2
28. Rxc2 g5 29. Nd3 f4 30. Rce2 Kf8 31. Bf2 a5 32. a3 f6 33. g3 Bg6 34. Rd2
fxg3 35. Bxg3 Kf7 36. Rf1 Kg7 37. Nf2 Bxc5 38. Ng4 Bd6 39. Kh2 Bxg3+ 40. Kxg3
Rf7 41. Rdf2 Rd6 42. Ne3 Re7 43. Rf3 Rde6 44. Nf5+ Bxf5 45. Rxf5 h5 46. Rc5 Re2
47. h4 gxh4+ 48. Kxh4 R7e4+ 49. Kg3 h4+ 50. Kh3 R2e3+ 51. Kh2 Re2+ 52. Kh3
R2e3+ 53. Kh2 Rg3 54. Rxc6 Re2+ 55. Kh1 Rh3+ 56. Kg1 Rg3+ 57. Kh1 Rh3+ 58. Kg1
Rhh2 59. Rfxf6 Reg2+ 60. Kf1 h3 61. Ke1 Rh1+ 62. Rf1 Rxf1+ 63. Kxf1 Rc2 64. Kg1
b4 65. axb4 axb4 66. d5 b3 0-1

[Event "Paris ch 2005"]
[Site "Paris FRA"]
[Date "2005.07.12"]
[Round "4.30"]
[White "Morelle, Ludovic"]
[Black "Simon, Olivier"]
[Result "1-0"]
[WhiteElo "2232"]
[BlackElo "2315"]
[PlyCount "73"]
[EventDate "2005.07.09"]
[EventType "swiss"]
[EventRounds "9"]
[EventCountry "FRA"]
[Source "lmi"]
[SourceDate "2005.07.17"]

1. e4 c5 2. c3 Nf6 3. e5 Nd5 4. d4 cxd4 5. Nf3 e6 6. cxd4 d6 7. exd6 Bxd6 8.
Nc3 Nxc3 9. bxc3 Qc7 10. Bb2 Nd7 11. Bd3 b6 12. O-O Bb7 13. Re1 O-O 14. c4 Bxf3
15. Qxf3 Bxh2+ 16. Kh1 Bd6 17. Re4 e5 18. Rae1 Rae8 19. dxe5 Nxe5 20. Rxe5 Bxe5
21. Qe4 g6 22. Bxe5 Qc5 23. Qe3 Qb4 24. Qc1 Qc5 25. f4 Qf2 26. Bc3 Qg3 27. Be4
Re6 28. Bd5 Rxe1+ 29. Bxe1 Qd3 30. Qd2 Qf1+ 31. Kh2 Re8 32. Bh4 Qb1 33. Bf2 Qf5
34. Bf3 Rc8 35. Qd4 Qa5 36. Bd5 Rf8 37. Qf6 1-0

[Event "Paris ch 2005"]
[Site "Paris FRA"]
[Date "2005.07.12"]
[Round "4.31"]
[White "Zozulia, Anna"]
[Black "Romieux, Sebastien"]
[Result "1-0"]
[WhiteElo "2314"]
[BlackElo "2238"]
[PlyCount "79"]
[EventDate "2005.07.09"]
[EventType "swiss"]
[EventRounds "9"]
[EventCountry "FRA"]
[Source "lmi"]
[SourceDate "2005.07.17"]

1. e4 c5 2. Nf3 Nc6 3. Nc3 e5 4. Bc4 Be7 5. O-O d6 6. Ne1 Bg5 7. f4 exf4 8. d3
Nf6 9. Nf3 Bh6 10. Nd5 O-O 11. Nxf4 Ng4 12. Qe1 Rb8 13. Qg3 Qf6 14. Nd5 Qe6 15.
Nb6 Qg6 16. Nxc8 Bxc1 17. Raxc1 Rbxc8 18. Nh4 Qg5 19. Rce1 h5 20. Nf5 Nce5 21.
h3 g6 22. Nxd6 h4 23. Qf4 Qxf4 24. Rxf4 Rc6 25. Nxf7 Nxc4 26. dxc4 Rxf7 27.
Rxg4 a5 28. Rxh4 a4 29. e5 Re6 30. Rhe4 Kg7 31. R1e3 Rd7 32. Rd3 Rde7 33. Rd5
b6 34. Kf2 a3 35. bxa3 g5 36. Re3 Kg6 37. Rd6 Kf7 38. Rf3+ Ke8 39. Rxe6 Rxe6
40. Rf5 1-0

[Event "Paris ch 2005"]
[Site "Paris FRA"]
[Date "2005.07.12"]
[Round "4.32"]
[White "Demarre, Jacques"]
[Black "Becker, Martin"]
[Result "0-1"]
[WhiteElo "2221"]
[BlackElo "2310"]
[PlyCount "130"]
[EventDate "2005.07.09"]
[EventType "swiss"]
[EventRounds "9"]
[EventCountry "FRA"]
[Source "lmi"]
[SourceDate "2005.07.17"]

1. e4 c5 2. c3 Nf6 3. e5 Nd5 4. Nf3 Nc6 5. Bc4 Nb6 6. Bb3 c4 7. Bc2 d6 8. exd6
Qxd6 9. Qe2 Bg4 10. Na3 Qe6 11. Qxe6 Bxe6 12. b3 Rc8 13. O-O Bd5 14. Re1 e6 15.
d3 cxd3 16. Bxd3 Be7 17. Ng5 h6 18. Ne4 a6 19. Bb2 Ne5 20. Bb1 Bxe4 21. Bxe4
Nc6 22. c4 Bf6 23. Bxf6 gxf6 24. Nc2 Ke7 25. Ne3 Kf8 26. f4 f5 27. Bf3 Kg7 28.
Red1 Rhd8 29. Kf2 Kf6 30. h3 a5 31. a3 Nd7 32. Bxc6 bxc6 33. b4 Ke7 34. c5 Rb8
35. Rab1 h5 36. Nc4 axb4 37. axb4 Nf6 38. Ne5 Rdc8 39. Kf3 Nd5 40. Rd4 f6 41.
Nd3 h4 42. Ra1 Ra8 43. Rb1 Rcb8 44. Rb3 Ra1 45. Rc4 Ra2 46. Rb2 Ra3 47. Ke2 Rg8
48. Ne1 Nc3+ 49. Kd2 Rd8+ 50. Kc2 Nd1 51. Rb3 Ne3+ 52. Rxe3 Rxe3 53. Nf3 Re2+
54. Kc1 Ra8 55. Kb1 Rxg2 56. Nd4 Rc8 57. b5 cxb5 58. Nxb5 Rb8 59. Rb4 Re2 60.
c6 Rg8 61. Ka1 Rg1+ 62. Rb1 Rxb1+ 63. Kxb1 Re4 64. Na7 Kd6 65. Kc2 Rxf4 0-1